00585 a2200193 4500001000700000020001800007040001100025100001600036240003000052245002500082300000800107362000900115440001200124697002300136942000700159952010300166952010300269999001900372169631 a85-08-07749-1 cMagnum aRey, Marcos10aA arca dos marechaislpor10aA arca dos marechais a1650 a2001 1aÁtica aLITERATURA JUVENIL cBK 00104070a32.5b32.5d2024-06-08l0o869.3.584pMAG00014258r2024-06-08 20:42:02w2024-06-08yBK 00104070a32.5b32.5d2024-06-08l0o869.3.584pMAG00014260r2024-06-08 20:42:02w2024-06-08yBK c169631d169631